00704nam a22002057a 450000500170000001000130001702000230003003500130005303700160006604000120008208200930009410000260018724500580021326000410027127000380031230000320035050000420038265000640042465000100048820170124110207.0 aB-062931 c130.00a8123707533 aB-062931 bCen Lib/Ret aDPLbEN a791.43 bDAS aDas Gupta, Chidananda aThe cinema of Satyajit Ray /cby Chidananda Das Gupta aNew DelhibNational Book Trustc1994 bNew DelhiaA-5 Green Parke110016 axv, 204p. :c25cm(Hb)bill. aIncludes bibliographical references  aRay, Satyajit, -- 1921-1992 -- Criticism and interpretation aFilms